MARC details
| 000 -LEADER |
| campo de control de longitud fija |
02106cam a22003854a 4500 |
| 001 - NÚMERO DE CONTROL |
| campo de control |
118532 |
| 005 - FECHA Y HORA DE LA ÚLTIMA TRANSACCIÓN |
| campo de control |
20230410115519.0 |
| 008 - DATOS DE LONGITUD FIJA--INFORMACIÓN GENERAL |
| campo de control de longitud fija |
090514s2010 maua b 001 0 eng d |
| 035 ## - NÚMERO DE CONTROL DEL SISTEMA |
| Número de control de sistema |
15738231 |
| 010 ## - NÚMERO DE CONTROL DE LA BIBLIOTECA DEL CONGRESO |
| Número de control de LC |
2009928646 |
| 020 ## - NÚMERO INTERNACIONAL ESTÁNDAR DEL LIBRO |
| Número Internacional Estándar del Libro |
9780312574864 |
| 020 ## - NÚMERO INTERNACIONAL ESTÁNDAR DEL LIBRO |
| Número Internacional Estándar del Libro |
031257486X |
| 035 ## - NÚMERO DE CONTROL DEL SISTEMA |
| Número de control de sistema |
(OCoLC)ocn419840381 |
| 040 ## - FUENTE DE CATALOGACIÓN |
| Centro catalogador/agencia de origen |
BTCTA |
| Centro/agencia transcriptor |
BTCTA |
| Centro/agencia modificador |
MRB |
| -- |
YDXCP |
| -- |
OCLCQ |
| -- |
TXA |
| -- |
DLC |
| 041 ## - CÓDIGO DE IDIOMA |
| Código de lengua del texto/banda sonora o título independiente |
Eng |
| 042 ## - CÓDIGO DE AUTENTICACIÓN |
| Código de autenticación |
lccopycat |
| 050 14 - SIGNATURA TOPOGRÁFICA DE LA BIBLIOTECA DEL CONGRESO |
| Número de clasificación |
HD30.3 |
| Número de ítem |
.E37 2010 |
| 100 1# - ENTRADA PRINCIPAL--NOMBRE DE PERSONA |
| Nombre de persona |
Eisenberg, Eric M. |
| 245 10 - MENCIÓN DEL TÍTULO |
| Título |
Organizational communication : |
| Resto del título |
balancing creativity and constraint / |
| Mención de responsabilidad, etc. |
Eric M. Eisenberg, H.L. Goodall, Jr., Angela Trethewey. |
| 250 ## - MENCION DE EDICION |
| Mención de edición |
6th ed. |
| 260 ## - PUBLICACIÓN, DISTRIBUCIÓN, ETC. |
| Lugar de publicación, distribución, etc. |
Boston : |
| Nombre del editor, distribuidor, etc. |
Bedford/St. Martin's, |
| Fecha de publicación, distribución, etc. |
c2010. |
| 300 ## - DESCRIPCIÓN FÍSICA |
| Extensión |
xxiii, 392 p. : |
| Otras características físicas |
ill. ; |
| Dimensiones |
25 cm. |
| 504 ## - NOTA DE BIBLIOGRAFÍA, ETC. |
| Nota de bibliografía, etc. |
Includes bibliographical references (p. 325-362) and indexes. |
| 505 0# - NOTA DE CONTENIDO CON FORMATO |
| Nota de contenido con formato |
I: Approaching organizational communication -- Communication and the changing world of work -- Defining organizational communication -- II: Theories of organizational communication -- Four perspectives on organizations and communication -- Cultural studies or organizations and communication -- Critical approaches to organizations and communication -- III: Contexts for organizational communication -- Identity and difference in organizational life -- Teams and networks: collaboration in the workplace -- Communicating leadership -- Organizational alignment: managing the total enterprise. |
| 650 #0 - PUNTO DE ACCESO ADICIONAL DE MATERIA--TÉRMINO DE MATERIA |
| Término de materia o nombre geográfico como elemento de entrada |
Communication in organizations. |
| 700 1# - ENTRADA AGREGADA--NOMBRE PERSONAL |
| Nombre de persona |
Goodall, H. Lloyd. |
| 700 1# - ENTRADA AGREGADA--NOMBRE PERSONAL |
| Nombre de persona |
Trethewey, Angela. |
| 856 42 - LOCALIZACIÓN Y ACCESO ELECTRÓNICOS |
| Materiales especificados |
Contributor biographical information |
| Identificador Uniforme de Recursos |
<a href="http://www.loc.gov/catdir/enhancements/fy1110/2009928646-b.html">http://www.loc.gov/catdir/enhancements/fy1110/2009928646-b.html</a> |
| 856 42 - LOCALIZACIÓN Y ACCESO ELECTRÓNICOS |
| Materiales especificados |
Publisher description |
| Identificador Uniforme de Recursos |
<a href="http://www.loc.gov/catdir/enhancements/fy1110/2009928646-d.html">http://www.loc.gov/catdir/enhancements/fy1110/2009928646-d.html</a> |
| 856 41 - LOCALIZACIÓN Y ACCESO ELECTRÓNICOS |
| Materiales especificados |
Table of contents only |
| Identificador Uniforme de Recursos |
<a href="http://www.loc.gov/catdir/enhancements/fy1110/2009928646-t.html">http://www.loc.gov/catdir/enhancements/fy1110/2009928646-t.html</a> |
| 925 0# - |
| -- |
acquire |
| -- |
2 shelf copies |
| -- |
policy default |
| 942 ## - ELEMENTOS DE ENTRADA SECUNDARIOS (KOHA) |
| Fuente del sistema de clasificación o colocación |
Clasificación de Library of Congress |
| Tipo de ítem Koha |
|
| 963 ## - |
| -- |
Kellan Cummings; phone: (212) 375-7142; email: kcummings@bedfordstmartins.com; bc: kcummings@bedfordstmartins.com |
| 946 ## - PROCESAMIENTO DE INFORMACIÓN LOCAL (OCLC) |
| a |
dpf |